The noble scholar, jurist, historian


 His Excellency Dr. Abdul Wahhab bin Ibrahim Abu Sulaiman, may Allah have mercy on him.


 He was born in Umm Al-Qura in the year 1356 AH.

شرح التلخيص / (Record no. 10751)

MARC details
000 -LEADER
fixed length control field 01778cam a22003011i 4500
003 - CONTROL NUMBER IDENTIFIER
control field SA-RiAUC
005 - DATE AND TIME OF LATEST TRANSACTION
control field 20250812050607.0
008 - FIXED-LENGTH DATA ELEMENTS--GENERAL INFORMATION
fixed length control field 250810s1983 ly g b 001 0 ara c
040 ## - CATALOGING SOURCE
Original cataloging agency BH-JuISA
Language of cataloging ara
Transcribing agency SA-RiAUC.
Description conventions rda
082 04 - DEWEY DECIMAL CLASSIFICATION NUMBER
Classification number 414
Assigning agency SA-RiAUC
090 ## - LOCALLY ASSIGNED LC-TYPE CALL NUMBER (OCLC); LOCAL CALL NUMBER (RLIN)
Classification number (OCLC) (R) ; Classification number, CALL (RLIN) (NR) 414
Local cutter number (OCLC) ; Book number/undivided call number, CALL (RLIN) ب ا ب
100 1# - MAIN ENTRY--PERSONAL NAME
Personal name البابرتي، محمد بن محمد بن محمود،
Dates associated with a name 714-786 هجري
Relator term مؤلف.
245 10 - TITLE STATEMENT
Title شرح التلخيص /
Statement of responsibility, etc. محمد بن محمد بن محمود البابرتي ؛ دراسة وتحقيق محمد مصطفى رمضان صوفية.
264 #1 - PRODUCTION, PUBLICATION, DISTRIBUTION, MANUFACTURE, AND COPYRIGHT NOTICE
Place of production, publication, distribution, manufacture طرابلس، الجماهيرية العربية الليبية الشعبية الاشتراكية :
Name of producer, publisher, distributor, manufacturer المنشأة العامة للنشر والتوزيع والإعلان،
Date of production, publication, distribution, manufacture, or copyright notice 1983.
300 ## - PHYSICAL DESCRIPTION
Extent 791 صفحة ؛
Dimensions 24 سم
336 ## - CONTENT TYPE
Content type term نص
Content type code txt
Source rdacontent
Materials specified كتاب
337 ## - MEDIA TYPE
Media type term بدون وسيط
Media type code n
Source rdamedia
338 ## - CARRIER TYPE
Carrier type term مجلد
Carrier type code nc
Source rdacarrier
500 ## - GENERAL NOTE
General note كشافات : صفحة 717-768.
504 ## - BIBLIOGRAPHY, ETC. NOTE
Bibliography, etc. note ببليوجرافية : صفحة 769-779.
650 #7 - SUBJECT ADDED ENTRY--TOPICAL TERM
Topical term or geographic name entry element البلاغة العربية
Source of heading or term aucsh
700 12 - ADDED ENTRY--PERSONAL NAME
Relationship information تحقيق لـ (عمل) :
Personal name البابرتي، محمد بن محمد بن محمود،
Dates associated with a name 714-786 هجري.
Title of a work شرح التلخيص
700 1# - ADDED ENTRY--PERSONAL NAME
Personal name صوفية، محمد مصطفى رمضان،
Dates associated with a name 1939-2008
Relator term محقق.
700 12 - ADDED ENTRY--PERSONAL NAME
Relationship information شرح لـ (عمل) :
Personal name القزويني، محمد بن عبد الرحمن بن عمر،
Dates associated with a name 666-739 هجري.
Title of a work التلخيص في علوم البلاغة، وهو، تلخيص كتاب "مفتاح العلوم" للسكاكي
700 12 - ADDED ENTRY--PERSONAL NAME
Relationship information شرح لـ (عمل) :
Personal name السكاكي، يوسف بن أبي بكر بن محمد،
Dates associated with a name 555-626 هجري.
Title of a work مفتاح العلوم
942 ## - ADDED ENTRY ELEMENTS (KOHA)
Source of classification or shelving scheme Dewey Decimal Classification
Koha item type Books
Suppress in OPAC No
949 ## - LOCAL PROCESSING INFORMATION (OCLC)
a SA-JeALM
d 250810
u mohamedma123
n 1
Holdings
Withdrawn status Lost status Source of classification or shelving scheme Damaged status Not for loan Home library Current library Date acquired Total checkouts Full call number Barcode Date last seen Price effective from Koha item type
    Dewey Decimal Classification     DR AbdElwahab Library DR AbdElwahab Library 08/12/2025   414 ب ا ب 000017483 08/12/2025 08/12/2025 Books